| 000 | 00832nam a2200265 i 4500 | ||
|---|---|---|---|
| 001 | bg | ||
| 245 | 1 | 0 |
_aMetaloznawstwo okrętowe : _bćwiczenia laboratoryjne / _cHenryk Bugłacki [et al.] ; pod red. Tadeusza Krzysztofowicza. |
| 250 | _a[Wyd. 2]. | ||
| 260 |
_aGdańsk : _bWydaw. Politechniki Gdańskiej, _c2002. |
||
| 300 |
_a258 s. : _bil. ; _c24 cm. |
||
| 504 | _aBibliogr. i wykaz norm. | ||
| 650 | 9 |
_aBudownictwo okrętowe _xbadanie |
|
| 650 | 9 | _aMetaloznawstwo | |
| 650 | 9 |
_aStatki _xmechanika _xbadanie |
|
| 655 | _aPodręczniki akademickie | ||
| 700 | 1 | _aBUGŁACKI, Henryk | |
| 700 | 1 |
_aKRZYSZTOFOWICZ, Tadeusz. _eRed. |
|
| 020 | _a8373480242 | ||
| 040 | _cBPK | ||
| 041 | 0 | _apol | |
| 080 | _a629.5:669.017/.018](075.8) | ||
| 920 | _a83-7348-024-2 | ||
| 942 | _cKS | ||
| 008 | s pl f |000 0 pol | ||
| 999 |
_c43069 _d43069 |
||
| 856 |
_uhttp://koha.tu.koszalin.pl/cgi-bin/koha/opac-detail.pl?biblionumber=43069 _yKatalog online BPK |
||